[Event "Moscow-Open 2021_A"]
[Site "Moscow"]
[Date "2021.02.25"]
[Round "6.64"]
[White "Rudakov, Sergey S"]
[Black "Voronin, Nikita"]
[Result "1-0"]
[WhiteElo "1926"]
[BlackElo "1732"]
[PlyCount "97"]
[EventDate "2021.02.20"]

1. e4 c5 2. Nf3 e6 3. c4 a6 4. Nc3 Nc6 5. a3 Qc7 6. d4 cxd4 7. Nxd4 Nf6 8. Be2
b6 9. Be3 Bb7 10. Nxc6 dxc6 11. g4 Bd6 12. Qc2 c5 13. O-O-O O-O-O 14. g5 Nd7
15. Qd2 Ne5 16. h4 Ng6 17. Bg4 Ne5 18. Qe2 Nxg4 19. Qxg4 Be5 20. Nd5 Bxd5 21.
cxd5 Qd7 22. f4 Bb8 23. Qe2 Qa4 24. dxe6 fxe6 25. Qc2 Qxc2+ 26. Kxc2 Rxd1 27.
Rxd1 Rf8 28. Rf1 g6 29. Kd3 Kb7 30. Rf2 Kc6 31. Bd2 Be5 32. Be3 Bb8 33. b3 Kb5
34. h5 a5 35. hxg6 hxg6 36. a4+ Kc6 37. Kc4 Bc7 38. Bd2 Rd8 39. Bc3 Rf8 40. Bf6
Bd8 41. e5 Bc7 42. Rh2 Rf7 43. Rh8 Rd7 44. f5 Rd4+ 45. Kc3 gxf5 46. g6 Rg4 47.
g7 f4 48. Kd3 Kd5 49. Rh5 1-0

[Event "Moscow-Open 2021_A"]
[Site "Moscow"]
[Date "2021.02.25"]
[Round "6.65"]
[White "Ekimov, Pavel"]
[Black "Davidyan, Vladimir"]
[Result "1/2-1/2"]
[WhiteElo "1853"]
[BlackElo "1427"]
[PlyCount "114"]
[EventDate "2021.02.20"]

1. c4 Nf6 2. Nc3 g6 3. g3 Bg7 4. Bg2 e6 5. e3 c6 6. Nge2 O-O 7. O-O d5 8. d3
Nbd7 9. Qc2 Qe7 10. b3 Nb6 11. Bb2 e5 12. a4 dxc4 13. dxc4 Rd8 14. a5 Nbd7 15.
Ba3 Qe8 16. Bd6 Bf8 17. Bc7 Nc5 18. Bxd8 Qxd8 19. Rfd1 Qe8 20. b4 Ne6 21. b5
Nc5 22. a6 Bf5 23. e4 Bc8 24. axb7 Bxb7 25. bxc6 Qxc6 26. Nd5 Nfd7 27. Nec3 a5
28. Nb5 a4 29. Ndc7 Rc8 30. Bh3 Rxc7 31. Nxc7 Qxc7 32. Bxd7 Nxd7 33. Qxa4 Nc5
34. Qe8 Bc6 35. Qd8 Qxd8 36. Rxd8 Bxe4 37. Re8 Ne6 38. Re1 Bc6 39. Rb8 Kg7 40.
Rxe5 Nd4 41. Re3 Nf3+ 42. Rxf3 Bxf3 43. Rc8 Bg4 44. Rc7 Kf6 45. c5 Ke6 46. c6
Bd6 47. Rd7 Bf3 48. Rb7 Bxc6 49. Ra7 Bf3 50. Ra5 h5 51. Ra4 g5 52. Rc4 Kf5 53.
Rc3 g4 54. Rb3 Be7 55. Rb5+ Kg6 56. Rb6+ f6 57. Re6 Kf7 1/2-1/2

[Event "Moscow-Open 2021_A"]
[Site "Moscow"]
[Date "2021.02.25"]
[Round "6.66"]
[White "Minakov, Artemij"]
[Black "Cherniaev, Danil"]
[Result "1/2-1/2"]
[WhiteElo "1837"]
[BlackElo "1583"]
[PlyCount "138"]
[EventDate "2021.02.20"]

1. d4 d5 2. Nf3 Nf6 3. g3 e6 4. Bg2 c5 5. c4 b6 6. cxd5 exd5 7. O-O Bb7 8. b3
Be7 9. Nc3 O-O 10. dxc5 bxc5 11. Bb2 Nbd7 12. Rc1 Nb6 13. e3 Rc8 14. Qe2 Qc7
15. Rfd1 a6 16. Rc2 Rfd8 17. Rdc1 Qb8 18. Nb1 Nbd7 19. Bh3 Qd6 20. Ba3 Qb6 21.
Nc3 Bc6 22. Nd4 Bf8 23. Nxc6 Qxc6 24. Na4 c4 25. Bxf8 Kxf8 26. Nb2 Qb5 27. bxc4
dxc4 28. Nxc4 Rb8 29. Qf3 Ne5 30. Nxe5 Qxe5 31. Qe2 Qb5 32. Qf3 Qe5 33. Bf1 a5
34. Rc5 Qb2 35. a4 Qd2 36. R1c2 Qd1 37. Qxd1 Rxd1 38. Kg2 Rbb1 39. Be2 Rg1+ 40.
Kf3 Rb4 41. Rxa5 Ng4 42. Rc8+ Ke7 43. Ra7+ Kd6 44. Bc4 Ne5+ 45. Kf4 Nxc4 46.
Rd8+ Ke6 47. Rd4 Rf1 48. f3 Nxe3 49. Ra6+ Ke7 50. Ra7+ Ke6 51. Kxe3 Rxd4 52.
Kxd4 Rxf3 53. Ke4 Rf2 54. h4 Re2+ 55. Kf3 Ra2 56. a5 Ra3+ 57. Kf4 Ra4+ 58. Kf3
Ra3+ 59. Kg4 Ra4+ 60. Kh3 Ra3 61. a6 Kf6 62. Ra8 Kg6 63. Kg4 h5+ 64. Kf4 Ra4+
65. Kf3 Ra3+ 66. Kf4 Ra4+ 67. Ke3 Ra3+ 68. Kf4 Ra4+ 69. Kf3 Ra3+ 1/2-1/2

[Event "Moscow-Open 2021_A"]
[Site "Moscow"]
[Date "2021.02.25"]
[Round "6.67"]
[White "Urivskiy, Arseniy A."]
[Black "Vershinin, Igor"]
[Result "1/2-1/2"]
[WhiteElo "1422"]
[BlackElo "1835"]
[PlyCount "90"]
[EventDate "2021.02.20"]

1. d4 Nf6 2. c4 c5 3. d5 b5 4. cxb5 a6 5. e3 axb5 6. Bxb5 Qa5+ 7. Nc3 Bb7 8.
Bd2 Qb6 9. Qb3 e6 10. e4 Nxe4 11. Nxe4 Bxd5 12. Qd3 f5 13. f3 fxe4 14. fxe4 Bc6
15. Bxc6 Nxc6 16. Bc3 Qa6 17. Qxa6 Rxa6 18. e5 Nb4 19. Bxb4 cxb4 20. Nf3 Bc5
21. Rc1 Ra5 22. Ke2 Ke7 23. Rc4 d6 24. a3 bxa3 25. bxa3 Rxa3 26. exd6+ Bxd6 27.
Rhc1 Rb8 28. R4c3 Rxc3 29. Rxc3 Rb2+ 30. Kf1 e5 31. Ng5 h6 32. Ne4 Rb4 33. Nxd6
Kxd6 34. Ke2 Ke6 35. Rc7 g6 36. Rc3 Rb2+ 37. Kf3 Kf5 38. g4+ Kg5 39. Kg3 Rb6
40. Rf3 h5 41. h4+ Kh6 42. Re3 Re6 43. Re4 Kg7 44. gxh5 gxh5 45. Kf3 Kg6
1/2-1/2

[Event "Moscow-Open 2021_A"]
[Site "Moscow"]
[Date "2021.02.25"]
[Round "6.68"]
[White "Amirdzhanyan, Vladimir"]
[Black "Maimin, Leonid"]
[Result "1-0"]
[WhiteElo "1828"]
[BlackElo "1415"]
[PlyCount "105"]
[EventDate "2021.02.20"]

1. d4 Nf6 2. Nc3 d5 3. Bf4 c6 4. e3 Bf5 5. f3 e6 6. g4 Bg6 7. h4 h5 8. g5 Ng8
9. Bd3 Ne7 10. Nge2 Nf5 11. Qd2 c5 12. dxc5 Bxc5 13. e4 Ne7 14. exd5 Nxd5 15.
Bxg6 fxg6 16. Nxd5 exd5 17. O-O-O Nc6 18. Qc3 Qe7 19. Rxd5 Nb4 20. Qxc5 Nxd5
21. Qxd5 Qxe2 22. Be5 Qe3+ 23. Kb1 Kf8 24. Qe6 Rd8 25. Bxg7+ Kxg7 26. Qxe3 Rhe8
27. Qxa7 Rd7 28. a4 Re6 29. Qa5 Rde7 30. Qc3+ Kf7 31. Rd1 Re3 32. Qh8 Re1 33.
Qh7+ Kf8 34. Qh6+ Kf7 35. Rxe1 Rxe1+ 36. Ka2 Re8 37. Qh7+ Ke6 38. Qxg6+ Kd7 39.
Qxh5 b5 40. axb5 Ra8+ 41. Kb3 Rf8 42. Qh7+ Kd8 43. Qd3+ Kc8 44. g6 Kb7 45. Qd7+
Ka8 46. Qd5+ Ka7 47. Qc5+ Kb7 48. Qxf8 Kb6 49. Kb4 Kb7 50. Qd8 Ka7 51. Qd7+ Kb6
52. Kc4 Ka5 53. Qa7# 1-0

[Event "Moscow-Open 2021_A"]
[Site "Moscow"]
[Date "2021.02.25"]
[Round "6.69"]
[White "Lunin, Aleksey"]
[Black "Galiev, Ernest"]
[Result "1-0"]
[WhiteElo "1513"]
[BlackElo "1807"]
[PlyCount "79"]
[EventDate "2021.02.20"]

1. e4 e6 2. d4 d5 3. Bd3 dxe4 4. Bxe4 Nf6 5. Bf3 c5 6. Ne2 Be7 7. O-O O-O 8.
dxc5 Bxc5 9. Bg5 Nbd7 10. Nec3 Qc7 11. Nd2 a6 12. Qe2 Rb8 13. Nb3 Ba7 14. Rfe1
b5 15. Bh4 Re8 16. a4 b4 17. Bg3 e5 18. Nd5 Nxd5 19. Bxd5 Bb7 20. Bxb7 Qxb7 21.
Rad1 h6 22. Rd6 Nc5 23. Nxc5 Bxc5 24. Rxa6 Bd4 25. b3 Rbc8 26. Rd6 Qc7 27. Rxd4
Qxc2 28. Qxc2 Rxc2 29. Rxb4 h5 30. f4 Rd8 31. Bf2 Rdd2 32. Rf1 f6 33. fxe5 fxe5
34. Re4 Rd5 35. Be3 Re2 36. h4 Rd3 37. Rf3 Rxb3 38. Rxe5 Rb4 39. Rxh5 Rxa4 40.
Kh2 1-0

[Event "Moscow-Open 2021_A"]
[Site "Moscow"]
[Date "2021.02.25"]
[Round "6.70"]
[White "Agkatsev, Felix A"]
[Black "Teymurkhanly, Teymur"]
[Result "1/2-1/2"]
[WhiteElo "1338"]
[BlackElo "1799"]
[PlyCount "86"]
[EventDate "2021.02.20"]

1. d4 Nf6 2. c4 e6 3. Nf3 b6 4. Nc3 Bb7 5. e3 Bb4 6. Bd2 O-O 7. Be2 d6 8. a3
Bxc3 9. Bxc3 Nbd7 10. b4 Ne4 11. Bb2 f5 12. Qb3 Qe7 13. O-O Rf6 14. Rad1 Rh6
15. d5 e5 16. g3 Ndf6 17. Ne1 Re8 18. Bf3 Bc8 19. Bg2 Ng5 20. Nf3 Nxf3+ 21.
Bxf3 g5 22. Bg2 g4 23. f3 Qf7 24. fxg4 fxg4 25. Rd2 Rf8 26. Rdf2 Qh5 27. Bh1
Nd7 28. Rxf8+ Nxf8 29. Qc2 Qg5 30. Bc1 Rf6 31. Rxf6 Qxf6 32. Qf2 Qg6 33. e4 Nd7
34. Qe3 Ba6 35. Qd3 Kg7 36. Be3 Qf6 37. Bg2 Nf8 38. Qf1 Nd7 39. Qxf6+ Kxf6 40.
b5 Bc8 41. Kf2 a6 42. a4 a5 43. h4 Kg6 1/2-1/2

[Event "Moscow-Open 2021_A"]
[Site "Moscow"]
[Date "2021.02.25"]
[Round "6.71"]
[White "Zadorozhy, Egor"]
[Black "Karapetyan, Alexander"]
[Result "1/2-1/2"]
[WhiteElo "1156"]
[BlackElo "1782"]
[PlyCount "140"]
[EventDate "2021.02.20"]

1. e4 c5 2. c3 Nf6 3. e5 Nd5 4. d4 cxd4 5. cxd4 d6 6. exd6 Qxd6 7. Nc3 Bf5 8.
Qb3 Nxc3 9. bxc3 Nc6 10. Nf3 O-O-O 11. Bb5 Be4 12. Be2 e5 13. O-O Bd5 14. c4
Be4 15. d5 Bxf3 16. Bxf3 Nd4 17. Qd3 Qg6 18. Qd1 f5 19. Be3 Nxf3+ 20. Qxf3 e4
21. Qe2 Bd6 22. Bxa7 f4 23. f3 Rhe8 24. c5 exf3 25. Qxf3 Re3 26. Qd1 Be5 27.
Rb1 Rd3 28. Qc2 R8xd5 29. Rb6 Rd1 30. Qxd1 Rxd1 31. Rxd1 Qc2 32. Rbb1 f3 33.
gxf3 Bd4+ 34. Kh1 Be5 35. Kg1 Bxh2+ 36. Kf1 Bc7 37. Bb6 h5 38. Bxc7 Kxc7 39.
Rbc1 Qxa2 40. Rd4 Qa3 41. Rcc4 Qxf3+ 42. Kg1 g5 43. Rd2 g4 44. Rg2 Kc6 45. Kh2
Qd5 46. Ra4 Qxc5 47. Raa2 Qe5+ 48. Kh1 b5 49. Rac2+ Kb6 50. Rce2 Qa1+ 51. Kh2
b4 52. Rgf2 Qc3 53. Rf5 Qh3+ 54. Kg1 Qg3+ 55. Kh1 Qd6 56. Ref2 Qc6+ 57. Kg1 b3
58. Rf6 Qxf6 59. Rxf6+ Kc5 60. Rf8 Kc4 61. Rc8+ Kd3 62. Rb8 Kc2 63. Rc8+ Kb1
64. Kg2 b2 65. Kg3 Ka1 66. Ra8+ Kb1 67. Rc8 Ka2 68. Ra8+ Kb3 69. Rb8+ Kc2 70.
Rc8+ Kb1 1/2-1/2

[Event "Moscow-Open 2021_A"]
[Site "Moscow"]
[Date "2021.02.25"]
[Round "6.72"]
[White "Bogov, Khetag"]
[Black "Isaev, Magomed"]
[Result "1/2-1/2"]
[WhiteElo "1263"]
[BlackElo "2196"]
[PlyCount "119"]
[EventDate "2021.02.20"]

1. c4 c6 2. Nf3 Nf6 3. e3 d5 4. d4 g6 5. b3 Bg7 6. Bb2 O-O 7. Nbd2 Bg4 8. Bd3
e6 9. O-O Nbd7 10. Qc2 Rc8 11. h3 Bf5 12. Rad1 Qe7 13. e4 dxe4 14. Nxe4 Bxe4
15. Bxe4 Nxe4 16. Qxe4 a5 17. Rfe1 a4 18. Qe2 axb3 19. axb3 Qb4 20. Qc2 Rfd8
21. Bc3 Qb6 22. Ra1 Ra8 23. Qb2 Bf8 24. Ra2 Rxa2 25. Qxa2 Bb4 26. Qb2 Qa5 27.
Bxb4 Qxb4 28. Ra1 Nb6 29. Qa3 Qc3 30. Rc1 Nxc4 31. Rxc3 Nxa3 32. Kf1 Nb5 33.
Rc4 Ra8 34. Ra4 Rxa4 35. bxa4 Nc3 36. a5 Kf8 37. Ke1 Ke7 38. Kd2 Nd5 39. g3 f6
40. h4 Kd6 41. Kd3 c5 42. Nd2 cxd4 43. Kxd4 Kc6 44. f3 e5+ 45. Ke4 Nc3+ 46. Kd3
Na4 47. Kc4 Nc5 48. g4 h5 49. gxh5 gxh5 50. Nf1 Ne6 51. Ng3 Nf4 52. Ne4 f5 53.
Ng3 e4 54. fxe4 fxe4 55. Nxe4 Ng2 56. Nf6 Nxh4 57. Nxh5 Nf5 58. Nf4 Ne3+ 59.
Kb4 Nc2+ 60. Ka4 1/2-1/2

[Event "Moscow-Open 2021_A"]
[Site "Moscow"]
[Date "2021.02.25"]
[Round "6.73"]
[White "Meydi, Igor"]
[Black "Mikhnenko, Alexander"]
[Result "0-1"]
[WhiteElo "1678"]
[BlackElo "2129"]
[PlyCount "54"]
[EventDate "2021.02.20"]

1. d4 d5 2. c4 e6 3. Nc3 c6 4. Nf3 Nf6 5. g3 Be7 6. Bg2 O-O 7. O-O b6 8. Nd2
Bb7 9. Re1 Na6 10. e4 Nc7 11. e5 Nd7 12. cxd5 Nxd5 13. Nxd5 cxd5 14. f4 f5 15.
exf6 Bxf6 16. Nf3 Re8 17. Bh3 Nf8 18. Bd2 a5 19. Re3 b5 20. b4 a4 21. Qe2 Qb6
22. Bc3 Rac8 23. f5 e5 24. Kh1 e4 25. Nh4 Rc4 26. Rc1 Rec8 27. Qd2 Qc6 0-1

[Event "Moscow-Open 2021_A"]
[Site "Moscow"]
[Date "2021.02.25"]
[Round "6.74"]
[White "Sviridov, Vladislav"]
[Black "Kasintsov, Gleb"]
[Result "1-0"]
[WhiteElo "2123"]
[BlackElo "1658"]
[PlyCount "127"]
[EventDate "2021.02.20"]

1. e4 e6 2. d4 d5 3. Nd2 dxe4 4. Nxe4 Nd7 5. Nf3 Ngf6 6. Bd3 Nxe4 7. Bxe4 Nf6
8. Bd3 c5 9. dxc5 Bxc5 10. O-O O-O 11. Bg5 h6 12. Bh4 b6 13. Qe2 Bb7 14. Rad1
Qe7 15. Ne5 Bd6 16. Rfe1 Rac8 17. Ng4 Rc5 18. Bxf6 gxf6 19. Nxh6+ Kg7 20. Nf5+
exf5 21. Qxe7 Bxe7 22. Rxe7 Rb8 23. c4 a5 24. f4 Ba6 25. b3 Rd8 26. Ree1 Rd4
27. g3 b5 28. cxb5 Bxb5 29. Bxb5 Rxd1 30. Rxd1 Rxb5 31. Rd2 Rc5 32. Kf2 Rc3 33.
Ke2 Kg6 34. Kd1 Rc5 35. Rd3 Kh5 36. h3 Rb5 37. Kc2 Rc5+ 38. Kb2 Rb5 39. Ka3 Kg6
40. Ka4 Rc5 41. a3 Kg7 42. b4 axb4 43. axb4 Rc1 44. Re3 Rh1 45. h4 Ra1+ 46. Kb5
Rb1 47. Kc5 Rc1+ 48. Kb6 Rb1 49. b5 Rb4 50. Ka6 Re4 51. Rd3 Ra4+ 52. Kb7 Rb4
53. b6 Rb5 54. Kc7 Rc5+ 55. Kb8 Rb5 56. b7 Rc5 57. Ka7 Ra5+ 58. Kb6 Ra1 59. Rb3
Kh6 60. b8=Q Kh5 61. Qg8 Rd1 62. g4+ Kxh4 63. Qh7+ Kxg4 64. Qh3+ 1-0

[Event "Moscow-Open 2021_A"]
[Site "Moscow"]
[Date "2021.02.25"]
[Round "6.75"]
[White "Lebedev, Artem S."]
[Black "Maslovskiy, Vladimir"]
[Result "0-1"]
[WhiteElo "1623"]
[BlackElo "1959"]
[PlyCount "114"]
[EventDate "2021.02.20"]

1. e4 c5 2. Nf3 Nc6 3. d4 cxd4 4. Nxd4 Qb6 5. Nxc6 bxc6 6. Bd3 d6 7. Nd2 Nf6 8.
Nb3 e5 9. Be3 Qc7 10. O-O Be7 11. f3 O-O 12. c4 Be6 13. Qc2 Rac8 14. Rac1 Qb8
15. Qf2 Rc7 16. Rfd1 Rfc8 17. Qg3 Nh5 18. Qf2 Nf6 19. Qg3 Rd7 20. Qf2 Bd8 21.
Rc2 Bb6 22. Bxb6 axb6 23. Rdd2 Rcd8 24. Rd1 d5 25. cxd5 cxd5 26. exd5 Bxd5 27.
Rdd2 Bxb3 28. axb3 Rd4 29. Bc4 Qd6 30. Rxd4 exd4 31. Rd2 Qc5 32. Rd1 g6 33. Kf1
Nd5 34. Bxd5 Qxd5 35. Rd3 Qe5 36. g3 Qb5 37. Qe2 Qd5 38. Qd1 Qc5 39. Qd2 Rd5
40. Kg2 Qd6 41. Qd1 Qd7 42. Qd2 Qd6 43. Qd1 Qe5 44. Qd2 Kg7 45. Qd1 Rd7 46. Qd2
h6 47. Qd1 f5 48. Qd2 g5 49. Kf2 g4 50. f4 Qe4 51. Qd1 h5 52. Kg1 h4 53. Kf2 h3
54. Qe2 Kf7 55. Qd2 Qg2+ 56. Ke1 Re7+ 57. Re3 Rxe3+ 0-1

[Event "Moscow-Open 2021_A"]
[Site "Moscow"]
[Date "2021.02.25"]
[Round "6.76"]
[White "Makarenko, Kirill"]
[Black "Ponomarev, Andrey A."]
[Result "0-1"]
[WhiteElo "1507"]
[BlackElo "1893"]
[PlyCount "96"]
[EventDate "2021.02.20"]

1. d4 Nf6 2. Nf3 g6 3. g3 Bg7 4. Bg2 O-O 5. O-O d6 6. c4 Nbd7 7. Nc3 c5 8. Qc2
cxd4 9. Nxd4 Nc5 10. Rd1 Ng4 11. h3 Ne5 12. b3 Rb8 13. Ba3 Bd7 14. f4 Nc6 15.
Bxc6 Bxd4+ 16. Rxd4 bxc6 17. Bxc5 dxc5 18. Rd2 Qc8 19. h4 Qc7 20. Rad1 Bg4 21.
Rf1 e5 22. f5 e4 23. Nxe4 Qe5 24. Rf4 Bxf5 25. Qc3 f6 26. Rd6 Kg7 27. Rxc6 Rbe8
28. Rxc5 Qe6 29. Rc7+ Kg8 30. Nf2 Qb6 31. Rxf5 gxf5 32. Rd7 Re3 33. c5 Qe6 34.
Qc4 Rxg3+ 35. Kh2 Qxc4 36. bxc4 Re3 37. Rxa7 Rxe2 38. Kg2 Rc2 39. Kf3 Rxc4 40.
Nd3 Re8 41. Nf4 Rc3+ 42. Kf2 Rb8 43. Re7 Rb2+ 44. Ne2 Kf8 45. Re3 Rxc5 46. Rb3
Rcc2 47. Rxb2 Rxb2 48. Kf3 Rxa2 0-1

[Event "Moscow-Open 2021_A"]
[Site "Moscow"]
[Date "2021.02.25"]
[Round "6.77"]
[White "Kuznetsov, Ivan V."]
[Black "Pereverzev, Timofei"]
[Result "1/2-1/2"]
[WhiteElo "1831"]
[BlackElo "1506"]
[PlyCount "66"]
[EventDate "2021.02.20"]

1. e4 c5 2. Nf3 e6 3. c4 Nc6 4. Nc3 Nd4 5. Nxd4 cxd4 6. Ne2 e5 7. d3 b5 8. b3
b4 9. g3 h5 10. h3 h4 11. g4 g5 12. Bd2 a5 13. Bg2 Bb7 14. Bc1 f6 15. O-O Ne7
16. f4 gxf4 17. Bxf4 exf4 18. Nxf4 Bh6 19. Nh5 Ng8 20. e5 Be3+ 21. Kh1 Bxg2+
22. Kxg2 Qc7 23. Rf5 Qc6+ 24. Kh2 fxe5 25. Qf1 O-O-O 26. a3 Rxh5 27. Rxh5 Bf4+
28. Kg1 Be3+ 29. Kh2 Bf4+ 30. Kg1 Be3+ 31. Kh2 Bf4+ 32. Kg1 Be3+ 33. Kh2 Bf4+
1/2-1/2

[Event "Moscow-Open 2021_A"]
[Site "Moscow"]
[Date "2021.02.25"]
[Round "6.78"]
[White "Ryabov, Georgi"]
[Black "Fedosov, Alexander"]
[Result "1-0"]
[WhiteElo "1751"]
[BlackElo "1369"]
[PlyCount "110"]
[EventDate "2021.02.20"]

1. c4 Nf6 2. g3 g6 3. Bg2 d5 4. cxd5 Nxd5 5. d4 Bg7 6. Nf3 O-O 7. O-O Nc6 8.
Nc3 Nb6 9. e3 e5 10. dxe5 Qxd1 11. Rxd1 Nxe5 12. Nd4 Rd8 13. Rf1 c5 14. Ndb5
Nd3 15. e4 Nc4 16. Rb1 Be6 17. Nc7 Rac8 18. N7d5 Kf8 19. b3 Nb6 20. Bg5 Rd7 21.
Nf6 Bxf6 22. Bxf6 c4 23. b4 a6 24. h3 Rd6 25. Bg5 Kg7 26. Be3 Rd7 27. Bxb6 Rc6
28. Be3 b5 29. f4 Rd8 30. f5 Bd7 31. g4 a5 32. a3 axb4 33. axb4 Ra6 34. Nd5 Bc6
35. f6+ Kh8 36. Ne7 h6 37. Ra1 Rxa1 38. Rxa1 Ra8 39. Rxa8+ Bxa8 40. Bd2 Nb2 41.
e5 Bxg2 42. Kxg2 Nd1 43. Nd5 Kg8 44. Nc3 Nb2 45. Nxb5 Nd3 46. Bc3 Nf4+ 47. Kf3
Nxh3 48. Nd6 Ng5+ 49. Kg3 h5 50. gxh5 gxh5 51. b5 Ne6 52. b6 Nc5 53. b7 Nd7 54.
Nxc4 Nb8 55. Kh4 Na6 1-0

[Event "Moscow-Open 2021_A"]
[Site "Moscow"]
[Date "2021.02.25"]
[Round "6.79"]
[White "Arutyunova, Yuliya"]
[Black "Korovko, Iakov"]
[Result "1-0"]
[WhiteElo "1802"]
[BlackElo "1606"]
[PlyCount "127"]
[EventDate "2021.02.20"]

1. b3 e5 2. c4 Nf6 3. Bb2 Nc6 4. Nc3 Bc5 5. e3 O-O 6. Nf3 d5 7. Na4 Be7 8. Nxe5
Nxe5 9. Bxe5 Ng4 10. Bb2 Bh4 11. g3 Bf6 12. d4 dxc4 13. bxc4 Bd7 14. Bg2 Qe7
15. Nc5 Bf5 16. O-O h5 17. h3 Nh6 18. Qxh5 Rad8 19. Nxb7 Rb8 20. a4 c6 21. Ba3
Qxb7 22. Bxf8 Rxf8 23. g4 Bg6 24. Qc5 Rc8 25. g5 Be7 26. Qe5 Nf5 27. Rab1 Qc7
28. Qxc7 Rxc7 29. Rb8+ Kh7 30. Rfb1 Nd6 31. Rc1 Bd3 32. c5 Ne4 33. Rb3 Nxc5 34.
dxc5 Ba6 35. Be4+ g6 36. h4 f6 37. gxf6 Bxf6 38. h5 Re7 39. Bxg6+ Kh6 40. Rb8
Rd7 41. f4 Re7 42. Kf2 Rd7 43. Kf3 Rd2 44. Rc2 Rd1 45. Rf8 Rf1+ 46. Kg2 Bg7 47.
Rf7 Ra1 48. Rxa7 Rxa4 49. Rc7 Bb5 50. Rd2 Ra8 51. Rd6 Rg8 52. Bf7+ Bf6+ 53.
Bxg8 Bd3 54. Rxf6+ Kxh5 55. Bf7+ Kg4 56. Rcxc6 Be4+ 57. Kf2 Bxc6 58. Rxc6 Kf5
59. Be6+ Ke4 60. Ra6 Kd3 61. c6 Ke4 62. c7 Kd3 63. c8=Q Ke4 64. Qc4# 1-0

[Event "Moscow-Open 2021_A"]
[Site "Moscow"]
[Date "2021.02.25"]
[Round "6.80"]
[White "Khiryaev, Adam"]
[Black "Silenko, Alexey"]
[Result "0-1"]
[WhiteElo "1229"]
[BlackElo "1561"]
[PlyCount "132"]
[EventDate "2021.02.20"]

1. e4 e6 2. d4 d5 3. e5 c5 4. c3 Nc6 5. Nf3 Bd7 6. a3 f6 7. Bf4 Qc7 8. Bd3
O-O-O 9. O-O h6 10. Bg3 f5 11. h4 c4 12. Be2 Na5 13. Nbd2 Be7 14. h5 Be8 15.
Nh2 Qb6 16. Rb1 g6 17. hxg6 Bxg6 18. Bh5 Bxh5 19. Qxh5 Qc6 20. b4 cxb3 21. Nxb3
Nc4 22. Nf3 Qe8 23. Qxe8 Rxe8 24. a4 Bg5 25. Bh4 Bxh4 26. Nxh4 Ne7 27. Rfd1 Nc6
28. Ng6 Rhg8 29. Nf4 b6 30. Nd2 Nxd2 31. Rxd2 Na5 32. Rd3 Rg4 33. Nh5 Reg8 34.
Rg3 Rxg3 35. Nxg3 Nc4 36. Nh5 Kb7 37. Nf4 Re8 38. Nd3 Kc7 39. Nf4 Kd7 40. Nh5
Rc8 41. Nf4 Nd2 42. Rc1 Nb3 43. Rb1 Rxc3 44. Rd1 Rc4 45. Ne2 Rxa4 46. Rd3 Rb4
47. Kf1 Nc5 48. Rd1 Ne4 49. f3 Rb1 50. Ke1 Rxd1+ 51. Kxd1 Ng5 52. Kd2 b5 53.
Kc3 Kc6 54. Nf4 a5 55. Kb3 Kb6 56. Ka3 Kc7 57. Nd3 Nf7 58. Nc5 Nd8 59. g4 fxg4
60. fxg4 a4 61. Kb4 Kc6 62. Nd3 Kb6 63. Kc3 Nc6 64. Nc5 b4+ 65. Kd3 Nxe5+ 66.
Kc2 Nxg4 0-1

[Event "Moscow Open А"]
[Site "Moscow, Russia"]
[Date "2021.02.26"]
[Round "7.6"]
[White "Kardashevskiy Evgeny"]
[Black "Maiorov Nikita"]
[Result "1/2-1/2"]
[PlyCount "81"]
[EventDate "2021.??.??"]
[TimeControl "1'30"+30"]
[WhiteClock "0:19:17"]
[BlackClock "0:20:04"]

{[%evp 0,52,30,35,30,21,30,-16,23,-15,14,14,15,18,13,20,23,4,23,34,90,31,31,50,
46,20,32,-3,89,-12,84,77,89,82,103,35,73,25,41,68,111,126,123,119,149,132,144,
127,138,120,144,119,117,98,89]} 1. d4 {[%emt 0:00:00]} Nf6 {[%emt 0:00:00]} 2.
Nf3 {[%emt 0:00:00]} e6 {[%emt 0:00:00]} 3. c4 {[%emt 0:00:00]} b6 {[%emt 0:00:
00]} 4. g3 {[%emt 0:00:00]} Bb7 {[%emt 0:00:00]} 5. Bg2 {[%emt 0:00:00]} Be7 {
[%emt 0:00:00]} 6. O-O {[%emt 0:00:00]} O-O {[%emt 0:00:00]} 7. Nc3 {[%emt 0:
00:00]} Ne4 {[%emt 0:00:00]} 8. Bd2 {[%emt 0:00:00]} f5 {[%emt 0:00:00]} 9. Ne5
{[%emt 0:00:00]} Bf6 {[%emt 0:00:00]} 10. Nxe4 {[%emt 0:00:00]} Bxe4 {[%emt 0:
00:00]} 11. Bxe4 {[%emt 0:00:00]} fxe4 {[%emt 0:00:00]} 12. Qc2 {[%emt 0:00:00]
} d5 {[%emt 0:00:00]} 13. cxd5 {[%emt 0:00:00]} exd5 {[%emt 0:00:00]} 14. b4 {
[%emt 0:00:00]} a6 {[%emt 0:00:00]} 15. Rac1 {[%emt 0:00:00]} Ra7 {[%emt 0:00:
00]} 16. Qb3 {[%emt 0:00:00]} Re8 {[%emt 0:00:00]} 17. Rfd1 {[%emt 0:00:00]}
Re6 {[%emt 0:00:00]} 18. f4 {[%emt 0:00:00]} exf3 {[%emt 0:00:00]} 19. exf3 {
[%emt 0:00:00]} c6 {[%emt 0:00:00]} 20. f4 {[%emt 0:00:00]} Re8 {[%emt 0:00:00]
} 21. a4 {[%emt 0:00:00]} b5 {[%emt 0:00:00]} 22. a5 {[%emt 0:00:00]} Qd6 {
[%emt 0:00:00]} 23. Rc5 {[%emt 0:00:00]} Rc7 {[%emt 0:00:00]} 24. Rdc1 {
[%emt 0:00:00]} Qe6 {[%emt 0:00:00]} 25. Qd3 {[%emt 0:00:00]} g6 {[%emt 0:00:
00]} 26. Kg2 {[%emt 0:00:00]} Rec8 {[%emt 0:00:00]} 27. R5c2 {[%emt 0:00:00]}
Bg7 {[%emt 0:00:00]} 28. Re1 {[%emt 0:00:00]} Qf6 {[%emt 0:00:00]} 29. Be3 {
[%emt 0:00:00]} Nd7 {[%emt 0:00:00]} 30. Rf2 {[%emt 0:00:00]} Qf5 {[%emt 0:00:
00]} 31. Qxf5 {[%emt 0:00:00]} gxf5 {[%emt 0:00:00]} 32. Rc2 {[%emt 0:00:00]}
Nf6 {[%emt 0:00:00]} 33. Rec1 {[%emt 0:00:00]} Ne4 {[%emt 0:00:00]} 34. Kf3 {
[%emt 0:00:00]} Kf8 {[%emt 0:00:00]} 35. Ke2 {[%emt 0:00:00]} Ke7 {[%emt 0:00:
24]} 36. Kd3 {[%emt 0:00:00]} Kd6 {[%emt 0:00:07]} 37. Rg2 {[%emt 0:00:16]} Ke6
{[%emt 0:00:46]} 38. Rgc2 {[%emt 0:01:51]} Kd6 {[%emt 0:00:03]} 39. Rg2 {
[%emt 0:00:08]} Ke6 {[%emt 0:00:03]} 40. Rgc2 {[%emt 0:00:12]} Kd6 {[%emt 0:00:
03]} 41. Rg2 {[%emt 0:00:16]} 1/2-1/2

Event "Moscow-Open 2021_A"]
[Site "Moscow"]
[Date "2021.02.26"]
[Round "7.7"]
[White "Assaubayeva, Bibisara"]
[Black "Faizrakhmanov, Ramil"]
[Result "0-1"]
[WhiteElo "2378"]
[BlackElo "2476"]
[PlyCount "80"]
[EventDate "2021.02.20"]

1. d4 Nf6 2. c4 e6 3. Nf3 b6 4. a3 Bb7 5. Bf4 g6 6. Nc3 Bg7 7. Qc2 O-O 8. e3 d6
9. Be2 Nbd7 10. h3 Nh5 11. Bh2 f5 12. d5 Bxc3+ 13. Qxc3 exd5 14. cxd5 Bxd5 15.
Rc1 Nc5 16. Bc4 Bxc4 17. Qxc4+ d5 18. Qc3 f4 19. O-O Rc8 20. Rfd1 c6 21. exf4
Nxf4 22. Qe3 Nce6 23. Bg3 c5 24. b4 d4 25. Qe4 Qd5 26. Qxd5 Nxd5 27. bxc5 bxc5
28. Ne5 Nef4 29. Bxf4 Nxf4 30. Kf1 Nd5 31. Rd3 Nc3 32. Nc4 Rce8 33. f3 Re6 34.
Rd2 Rb8 35. h4 Ra6 36. h5 gxh5 37. Re1 Ra4 38. Ne5 Re8 39. Rb2 Nd5 40. Kf2 Rxa3
0-1

[Event "Moscow-Open 2021_A"]
[Site "Moscow"]
[Date "2021.02.26"]
[Round "7.8"]
[White "Nesterov, Arseniy"]
[Black "Savitskiy, Sergey"]
[Result "1-0"]
[WhiteElo "2476"]
[BlackElo "2427"]
[PlyCount "97"]
[EventDate "2021.02.20"]

1. d4 d5 2. c4 dxc4 3. e3 Nf6 4. Bxc4 e6 5. Nf3 a6 6. O-O c5 7. b3 b5 8. Be2
Bb7 9. a4 b4 10. Bb2 Nbd7 11. Nbd2 Be7 12. Rc1 Rc8 13. Ne5 cxd4 14. Nxd7 Qxd7
15. Bxd4 Rxc1 16. Qxc1 Nd5 17. Nc4 O-O 18. Rd1 Qc7 19. Be5 Qc5 20. Bd4 Qc7 21.
Bf3 Rd8 22. a5 Qc6 23. Nb6 Qb5 24. Nxd5 Bxd5 25. Bb6 Bxf3 26. Rxd8+ Bxd8 27.
gxf3 Be7 28. Qc8+ Bf8 29. h4 h5 30. e4 g5 31. Bd8 Qe8 32. Qc7 g4 33. fxg4 hxg4
34. Bf6 Qb5 35. Qf4 Qh5 36. Kg2 Kh7 37. Kg3 Bh6 38. Bg5 f5 39. Bxh6 Qxh6 40.
exf5 Qf6 41. fxe6 Qxe6 42. Qxb4 Qd5 43. Qe7+ Kh8 44. Qf6+ Kh7 45. Qc3 Qf5 46.
Qc7+ Kh8 47. Qf4 Qd3+ 48. Qe3 Qd5 49. Qh6+ 1-0

[Event "Moscow-Open 2021_A"]
[Site "Moscow"]
[Date "2021.02.26"]
[Round "7.9"]
[White "Korchmar, Vasiliy"]
[Black "Maltsevskaya, Aleksandra"]
[Result "1/2-1/2"]
[WhiteElo "2451"]
[BlackElo "2327"]
[PlyCount "77"]
[EventDate "2021.02.20"]

1. d4 Nf6 2. c4 g6 3. Nc3 Bg7 4. e4 d6 5. h3 O-O 6. Nf3 c5 7. d5 e6 8. Bd3 exd5
9. exd5 Re8+ 10. Be3 Bf5 11. Bxf5 gxf5 12. O-O Ne4 13. Qc2 Nd7 14. Bf4 Nxc3 15.
bxc3 Qf6 16. Rae1 Nb6 17. Bg5 Qxc3 18. Qxf5 Qxc4 19. Nh4 Nxd5 20. Qd7 Rxe1 21.
Rxe1 Nb6 22. Qxd6 Qc3 23. Re4 h6 24. Bd8 Kh7 25. Kh2 Be5+ 26. Rxe5 Nc4 27. Rxc5
Nxd6 28. Rxc3 Rxd8 29. Rd3 b6 30. Nf5 Nb7 31. Rg3 Nd6 32. Rd3 Nb7 33. Ra3 a5
34. Rb3 Nd6 35. Rd3 Nb7 36. Rb3 Nd6 37. Rd3 Nb7 38. Rb3 Nd6 39. Rd3 1/2-1/2